Tahqiq al-manat wa-atharuhu fi ikhtilaf al-fuqaha' = Examining basis (manat) and its effects in the differences among foqaha (specialists in the Islamic jurisprudence)
Saved in:
| Main Author: | |
|---|---|
| Format: | Unknown |
| Language: | English |
| Published: |
Urdun:
Jami'ah Al-Bayt,
1999/2000.
|
| Tags: |
Add Tag
No Tags, Be the first to tag this record!
|
| LEADER | 006400000a22001210004500 | ||
|---|---|---|---|
| 008 | 101019n 000 0 eng u | ||
| 100 | 1 | |a Qudah, Hamadah Mustafa 'Ali. | |
| 245 | 1 | |a Tahqiq al-manat wa-atharuhu fi ikhtilaf al-fuqaha' = Examining basis (manat) and its effects in the differences among foqaha (specialists in the Islamic jurisprudence) | |
| 260 | |a Urdun: |b Jami'ah Al-Bayt, |c 1999/2000. | ||
| 596 | |a 1 | ||
| 999 | |c 432627 |d 463194 | ||
| 952 | |0 0 |6 XX000076 |7 14 |9 753144 |a IIUM |b IIUM |g 340.00 |o xx00076 |p 00011197404 |r 1900-01-02 |t 1 |v 340.00 |y THESIS | ||
| 952 | |0 0 |6 XX000076 |7 14 |9 753145 |a IIUM |b IIUM |g 340.00 |o xx00076 |p 00011197405 |r 1900-01-02 |t 2 |v 340.00 |y THESIS | ||
